000 00520nam a2200157 a 4500
001 000033183
005 20200930070101.0
008 110818s1998 dr 000 0 spa d
040 _aDO-SdBNP
_bspa
_cBNPHU
100 1 _aPeña A., Vitervo C.
_958820
245 1 0 _aPendolismo y rotulación :
_bteoría, práctica e historia /
_cVitervo C. Peña A. , Francisco Ferrer.
250 _a3ra ed. corr. y aum.
260 _aSanto Domingo :
_bAmfer Graf,
_c1998.
300 _a154 p. ;
_c22 cm.
700 1 _aFerrer, Francisco
_958821
999 _c32674
_d32674